000 00418nam a2200133Ia 4500
008 211119s9999||||xx |||||||||||||| ||und||
082 _a920
_bRAV-R
100 _aRaveendran, Sobhana
245 0 _aRaveendrasangeetham:Kelkkatha Ragangal
260 _bMathrubhumi Books
_a2011
_cKottayam
300 _a176p.
650 _aHistory&geography
_vBiography, genealogy & insigmaEconomics
_xPGR-GANDHIAN STUDIES
942 _cBOOK
999 _c112120
_d112120